Charles Aznavour en chansons # 14 - Statistiques

Statistiques générales
  • Ce quiz a été pris 1 057 fois
  • Le résultat moyen est 8 sur 20
Statistiques - réponses
Paroles Chansons % Correct
Je vous parle d'un temps Que les moins de vingt ans Ne peuvent pas connaître La bohème
98%
Vers les docks où le poids et l'ennui Me courbent le dos Ils arrivent le ventre alourdi De fruits les bateau Emmenez-moi
89%
J'habite seul avec maman Dans un très vieil appartement Rue Sarasate Comme ils disent
77%
.. j'avais vingt ans, je caressais le temps J'ai joué de la vie Comme on joue de l'amour et je vivais la nuit Hier encore
69%
Darling I love you, love you Darling I want you Et puis c'est à peu près tout For me formidable
64%
Voir les musiciens Voir les magiciens Qui arrivent Les comédiens
57%
À dix-huit ans j'ai quitté ma province Bien décidé à empoigner la vie Je m'voyais déjà
52%
J'ai travaillé Des annéesSans répit Jour et nuit Pour réussir Pour gravir Les sommets Mes emmerdes
47%
Ils sont venus, ils sont tous là Dès qu'ils ont entendu ce cri Elle va mourir La mamma
42%
Jamais plus Nous ne mordrons au même fruit Ne dormirons au même lit Ne referons les mêmes gestes Désormais
38%
She may be the beauty or the beast May be the famine or the feast May turn each day into a Heaven or a hell She
34%
Un beau matin, je sais que je m'éveillerai Différemment de tous les autres jours Et mon coeur délivré enfin de notre amour Et pourtant
30%
Je n'aurais jamais cru qu'on se rencontrerait
Le hasard est curieux, il provoque les choses
Et le destin pressé un instant prend la pause
Non je n'ai rien oublié
23%
Je veux sentir mon corps par ton corps épousé Dansons joue contre joue Dansons joue contre joue Les plaisirs démodés
20%
De plein gré s'enfoncer dans la nuit Payer l'amour au prix de sa vie Pécher contre le corps mais non contre l'esprit Mourir d'aimer
20%
___________________ le soir sur la lagune
Quand on cherche une main que l'on ne vous tend pas
Et que l'on ironise devant le clair de lune
Pour tenter d'oublier ce qu'on ne se dit pas
Que c'est triste Venise
20%
______ et rien d'autre Le tien, le mien Celui qu'on veut nôtre Le temps
18%
Tu es belle à regarder
Tes bas tombant sur tes chaussures
Et ton vieux peignoir mal fermé
Et tes bigoudis quelle allure
Tu t'laisses aller
18%
___________ encore sourire
Quand le meilleur s'est retiré
Et qu'il ne reste que le pire
Dans une vie bête à pleurer
Il faut savoir
15%
_____________
Deux cœurs qui se confondent
Au seuil de l'infini
Loin du reste du monde
Toi et moi
6%
Aucun quiz correspondant
Distribution des résultats
% des personnes avec chaque résultat
Percentile par nombre de réponses
Votre historique - résultats
Vous n’avez pas pris ce quiz